التصميم المعمارى ومتغيراته فى مصر القديمة حتى نهاية العصر المتأخر / (رقم التسجيلة. 176400)
[ عرض عادي ]
| 000 -LEADER | |
|---|---|
| fixed length control field | 03425namaa22004211i 4500 |
| 003 - CONTROL NUMBER IDENTIFIER | |
| control field | OSt |
| 005 - أخر تعامل مع التسجيلة | |
| control field | 20251221105931.0 |
| 008 - FIXED-LENGTH DATA ELEMENTS--GENERAL INFORMATION | |
| fixed length control field | 250827s2024 ua a|||frm||| 000 0 eng d |
| 040 ## - CATALOGING SOURCE | |
| Original cataloguing agency | EG-GICUC |
| Language of cataloging | ara |
| Transcribing agency | EG-GICUC |
| Modifying agency | EG-GICUC |
| Description conventions | rda |
| 041 0# - LANGUAGE CODE | |
| Language code of text/sound track or separate title | ara |
| Language code of summary or abstract | ara |
| -- | eng |
| 049 ## - Acquisition Source | |
| Acquisition Source | إيداع |
| 082 04 - DEWEY DECIMAL CLASSIFICATION NUMBER | |
| Classification number | 722.2 |
| 092 ## - LOCALLY ASSIGNED DEWEY CALL NUMBER (OCLC) | |
| Classification number | 722.2 |
| Edition number | 21 |
| 097 ## - Degree | |
| Degree | مــــاجستير |
| 099 ## - LOCAL FREE-TEXT CALL NUMBER (OCLC) | |
| Local Call Number | Cai01.14.02.M.Sc.2024.من.ت |
| 100 0# - MAIN ENTRY--PERSONAL NAME | |
| Authority record control number or standard number | ،منار أحمد السيد أحمد عطوة |
| Preparation | إعداد. |
| 245 12 - TITLE STATEMENT | |
| Title | التصميم المعمارى ومتغيراته فى مصر القديمة حتى نهاية العصر المتأخر / |
| Statement of responsibility, etc. | إعداد منار أحمد السيد أحمد عطوة؛ إشراف أ.م د. مها سمير عبد السلام القناوى، أ.د. ياسر يحى أمين عبد العاطى. |
| 246 15 - VARYING FORM OF TITLE | |
| Title proper/short title | Architectural planning and its changes in ancient egypt till the end of the late period / |
| 264 #0 - PRODUCTION, PUBLICATION, DISTRIBUTION, MANUFACTURE, AND COPYRIGHT NOTICE | |
| Date of production, publication, distribution, manufacture, or copyright notice | 2024. |
| 300 ## - PHYSICAL DESCRIPTION | |
| Extent | 280 صفحة : |
| Other physical details | إيضاحيات ؛ |
| Dimensions | 30 cm. + |
| Accompanying material | CD. |
| 336 ## - CONTENT TYPE | |
| Content type term | text |
| Source | rda content |
| 337 ## - MEDIA TYPE | |
| Media type term | Unmediated |
| Source | rdamedia |
| 338 ## - CARRIER TYPE | |
| Carrier type term | volume |
| Source | rdacarrier |
| 502 ## - DISSERTATION NOTE | |
| Dissertation note | أطروحة (ماجستير)-جامعة القاهرة، 2024. |
| 504 ## - BIBLIOGRAPHY, ETC. NOTE | |
| Bibliography, etc. note | ببليوجرافيا: صفحات 257-280. |
| 520 ## - SUMMARY, ETC. | |
| Summary, etc. | تهدف الرسالة إلى توضيح مرحلة التخطيط من خلال الرسومات والنماذج المعمارية، وكذلك ما توصلنا إليه من التخطيط على أرض الواقع، وإن ينقصنا الكثير من المصادر والوثائق، فلقد تمت محاولة تكوين صورة إلى حد ما أعتمادا على ما توفر من مصادر، وبالتالى فتح المجال لما سيأتى بناء على ما سيتم اكتشافه فى المستقبل ليكمل ويوضح هذه المرحلة المعمارية. تشتمل الرسالة على مقدمة، وتمهيد، وخمسة فصول، وخاتمة، و169 شكل، و19 جدول، وفهرس المفردات، وقائمة مراجع عربية ومترجمة وأجنبية. |
| 520 ## - SUMMARY, ETC. | |
| Summary, etc. | this thesis aims to clarify the planning phase through architectural drawings, models, as well as planning traces on the ground, despite the lack a lot of sources and documents. Attempts have been made to reach an understanding, relying on available sources, and thus open the way for others in the future to complete this architectural stage. The thesis includes an introduction, a preface, five chapters, and a conclusion. |
| 530 ## - ADDITIONAL PHYSICAL FORM AVAILABLE NOTE | |
| Issues CD | صدر أيضًا كقرص مدمج. |
| 546 ## - LANGUAGE NOTE | |
| Text Language | النص بالعربية والملخص باللغة الإنجليزية والعربية. |
| 650 #7 - SUBJECT ADDED ENTRY--TOPICAL TERM | |
| Topical term or geographic name entry element | العمارة المصرية القديمة |
| Source of heading or term | qrmak |
| 653 #0 - INDEX TERM--UNCONTROLLED | |
| Uncontrolled term | أبراج مراقبة |
| -- | تخطيطات |
| -- | تصميمات |
| 700 0# - ADDED ENTRY--PERSONAL NAME | |
| Personal name | مها سمير عبد السلام القناوى |
| Relator term | مشرف أطروحة. |
| 700 0# - ADDED ENTRY--PERSONAL NAME | |
| Personal name | ياسر يحى أمين عبد العاطى |
| Relator term | مشرف أطروحة. |
| 900 ## - Thesis Information | |
| Grant date | 01-01-2024 |
| Supervisory body | مها سمير عبد السلام القناوى |
| -- | ياسر يحى أمين عبد العاطى |
| Discussion body | جلال أحمد أبو بكر |
| -- | منى أبو المعاطى النادى بيومى |
| Universities | جامعة القاهرة |
| Faculties | كلية الآثار |
| Department | قسم الآثار المصرية |
| 905 ## - Cataloger and Reviser Names | |
| Cataloger Name | Sara Salah |
| Reviser Names | Afaf |
| 942 ## - ADDED ENTRY ELEMENTS (KOHA) | |
| Source of classification or shelving scheme | Dewey Decimal Classification |
| Koha item type | Thesis |
| Edition | 21 |
| Suppress in OPAC | No |
| Source of classification or shelving scheme | Home library | Current library | Date acquired | Inventory number | Full call number | Barcode | Date last seen | Effective from | Koha item type |
|---|---|---|---|---|---|---|---|---|---|
| Dewey Decimal Classification | المكتبة المركزبة الجديدة - جامعة القاهرة | قاعة الرسائل الجامعية - الدور الاول | 02.12.2025 | 32773 | Cai01.14.02.M.Sc.2024.من.ت | 01010100032773000 | 02.12.2025 | 02.12.2025 | Thesis |